<?xml version="1.0" encoding="UTF-8"?>
<record
    xmlns:xsi="http://www.w3.org/2001/XMLSchema-instance"
    xsi:schemaLocation="http://www.loc.gov/MARC21/slim http://www.loc.gov/standards/marcxml/schema/MARC21slim.xsd"
    xmlns="http://www.loc.gov/MARC21/slim">

  <leader>02784nam a22002537a 4500</leader>
  <controlfield tag="005">20250717105851.0</controlfield>
  <controlfield tag="008">211111b           ||||| |||| 00| 0 eng d</controlfield>
  <datafield tag="020" ind1=" " ind2=" ">
    <subfield code="a">9788131707432</subfield>
  </datafield>
  <datafield tag="040" ind1=" " ind2=" ">
    <subfield code="c">AL</subfield>
  </datafield>
  <datafield tag="041" ind1=" " ind2=" ">
    <subfield code="a">eng</subfield>
  </datafield>
  <datafield tag="082" ind1=" " ind2=" ">
    <subfield code="2">23</subfield>
    <subfield code="a">510.2855369</subfield>
    <subfield code="b">HANM</subfield>
  </datafield>
  <datafield tag="100" ind1=" " ind2=" ">
    <subfield code="a">Duane Hanselman</subfield>
    <subfield code="9">219150</subfield>
  </datafield>
  <datafield tag="245" ind1=" " ind2=" ">
    <subfield code="a">Mastering MATLAB 7</subfield>
  </datafield>
  <datafield tag="260" ind1=" " ind2=" ">
    <subfield code="a">New Delhi</subfield>
    <subfield code="b">Pearson Education, Inc</subfield>
    <subfield code="c">2007</subfield>
  </datafield>
  <datafield tag="300" ind1=" " ind2=" ">
    <subfield code="a">864 p.</subfield>
    <subfield code="b">PB</subfield>
    <subfield code="c">23x17 cm.</subfield>
  </datafield>
  <datafield tag="365" ind1=" " ind2=" ">
    <subfield code="a">3306</subfield>
    <subfield code="c">&#x20B9;</subfield>
    <subfield code="d">&#x20B9;769.00</subfield>
    <subfield code="e">20%</subfield>
    <subfield code="f">8-11-2021</subfield>
  </datafield>
  <datafield tag="520" ind1=" " ind2=" ">
    <subfield code="a">For undergraduate and graduate courses in MATLAB or as a reference in courses where MATLAB is used, this text covers all essential aspects of MATLAB presented within an easy- to-follow learn while doing tutorial format.
Features
Presents the tools students need to master the latest release of MATLAB. This text helps students increase their productivity by showing them how to use MATLAB&#x2019;s capabilities and new features efficiently.
Thorough coverage of indexing, vectorizing, and linear algebra. Increases students' problem-solving productivity and dramatically increases algorithm speed.
Abundant examples throughout, including a chapter that specifically covers extensive examples. The material is generally presented in the
form of examples that students can duplicate, by running MATLAB as they read the book.
Comprehensive index.
This text covers only topics that are of use to a general audience. The material presented generally applies to all computer platforms.
Contents
&#x2022;	Getting Started
&#x2022;	Basic Features
&#x2022;	The MATLAB Desktop
&#x2022;	Script M-files
&#x2022;	Arrays and Array Operations
&#x2022;	Multidimensional Arrays
&#x2022;	Numeric Data Types
&#x2022;	Cell Arrays and Structures
&#x2022;	Character Strings
&#x2022;	Relational and Logical Operations
&#x2022;	Control Flow
&#x2022;	Functions
&#x2022;	File and Directory Management
&#x2022;	Set, Bit, and Base Functions
&#x2022;	Time Computations
&#x2022;	Matrix Algebra
&#x2022;	Data Analysis
&#x2022;	Data Interpolation
&#x2022;	Polynomials
&#x2022;	Cubic Splines
&#x2022;	Fourier Analysis
&#x2022;	Optimization
&#x2022;	Integration and Differentiation
&#x2022;	Differential Equations
&#x2022;	Two-Dimensional Graphics
&#x2022;	Three-Dimensional Graphics
&#x2022;	Using Color and Light
&#x2022;	Images, Movies, and Sound
&#x2022;	Printing and Exporting Graphics
&#x2022;	Handle Graphics
&#x2022;	Graphical User Interfaces
&#x2022;	MATLAB Classes and Object-Oriented Programming
&#x2022;	MATLAB Programming Interfaces
&#x2022;	Extending MATLAB with java 
&#x2022;	Windows Application Integration
&#x2022;	Getting Help
&#x2022;	Examples, Examples, Examples
&#x2022;	Appendix: MATLAB Function Information
&#x2022;	Appendix: MATLAB Release Information
</subfield>
  </datafield>
  <datafield tag="650" ind1=" " ind2=" ">
    <subfield code="a">MATLAB</subfield>
    <subfield code="9">10216</subfield>
  </datafield>
  <datafield tag="650" ind1=" " ind2=" ">
    <subfield code="a">Mathematics</subfield>
    <subfield code="9">10217</subfield>
  </datafield>
  <datafield tag="650" ind1=" " ind2=" ">
    <subfield code="a">Data Processing</subfield>
    <subfield code="9">10218</subfield>
  </datafield>
  <datafield tag="650" ind1=" " ind2=" ">
    <subfield code="a">Graphic Methods</subfield>
    <subfield code="9">10219</subfield>
  </datafield>
  <datafield tag="700" ind1=" " ind2=" ">
    <subfield code="a">Littlefield, Bruce</subfield>
    <subfield code="9">10220</subfield>
  </datafield>
  <datafield tag="942" ind1=" " ind2=" ">
    <subfield code="2">ddc</subfield>
    <subfield code="c">BK</subfield>
  </datafield>
  <datafield tag="999" ind1=" " ind2=" ">
    <subfield code="c">220519</subfield>
    <subfield code="d">220519</subfield>
  </datafield>
  <datafield tag="952" ind1=" " ind2=" ">
    <subfield code="0">0</subfield>
    <subfield code="1">0</subfield>
    <subfield code="2">ddc</subfield>
    <subfield code="4">0</subfield>
    <subfield code="7">3</subfield>
    <subfield code="8">CAA</subfield>
    <subfield code="a">AL</subfield>
    <subfield code="b">AL</subfield>
    <subfield code="c">RS</subfield>
    <subfield code="d">2021-11-11</subfield>
    <subfield code="e">Biblios Book Point</subfield>
    <subfield code="g">615.20</subfield>
    <subfield code="l">0</subfield>
    <subfield code="o">510.2855369 HANM</subfield>
    <subfield code="p">075081</subfield>
    <subfield code="r">2021-11-11 00:00:00</subfield>
    <subfield code="v">769.00</subfield>
    <subfield code="w">2021-11-11</subfield>
    <subfield code="y">REF</subfield>
  </datafield>
  <datafield tag="952" ind1=" " ind2=" ">
    <subfield code="0">0</subfield>
    <subfield code="1">0</subfield>
    <subfield code="2">ddc</subfield>
    <subfield code="4">0</subfield>
    <subfield code="7">0</subfield>
    <subfield code="8">CAA</subfield>
    <subfield code="a">AL</subfield>
    <subfield code="b">AL</subfield>
    <subfield code="d">2021-11-11</subfield>
    <subfield code="e">Biblios Book Point</subfield>
    <subfield code="g">615.20</subfield>
    <subfield code="l">0</subfield>
    <subfield code="o">510.2855369 HANM</subfield>
    <subfield code="p">075082</subfield>
    <subfield code="r">2021-11-11 00:00:00</subfield>
    <subfield code="v">769.00</subfield>
    <subfield code="w">2021-11-11</subfield>
    <subfield code="y">BK</subfield>
  </datafield>
  <datafield tag="952" ind1=" " ind2=" ">
    <subfield code="0">0</subfield>
    <subfield code="1">0</subfield>
    <subfield code="2">ddc</subfield>
    <subfield code="4">0</subfield>
    <subfield code="7">0</subfield>
    <subfield code="8">CAA</subfield>
    <subfield code="a">AL</subfield>
    <subfield code="b">AL</subfield>
    <subfield code="d">2021-11-11</subfield>
    <subfield code="e">Biblios Book Point</subfield>
    <subfield code="g">615.20</subfield>
    <subfield code="l">0</subfield>
    <subfield code="o">510.2855369 HANM</subfield>
    <subfield code="p">075083</subfield>
    <subfield code="r">2021-11-11 00:00:00</subfield>
    <subfield code="v">769.00</subfield>
    <subfield code="w">2021-11-11</subfield>
    <subfield code="y">BK</subfield>
  </datafield>
  <datafield tag="952" ind1=" " ind2=" ">
    <subfield code="0">0</subfield>
    <subfield code="1">0</subfield>
    <subfield code="2">ddc</subfield>
    <subfield code="4">0</subfield>
    <subfield code="7">0</subfield>
    <subfield code="8">CAA</subfield>
    <subfield code="a">AL</subfield>
    <subfield code="b">AL</subfield>
    <subfield code="d">2021-11-11</subfield>
    <subfield code="e">Biblios Book Point</subfield>
    <subfield code="g">615.20</subfield>
    <subfield code="l">0</subfield>
    <subfield code="o">510.2855369 HANM</subfield>
    <subfield code="p">075084</subfield>
    <subfield code="r">2021-11-11 00:00:00</subfield>
    <subfield code="v">769.00</subfield>
    <subfield code="w">2021-11-11</subfield>
    <subfield code="y">BK</subfield>
  </datafield>
  <datafield tag="952" ind1=" " ind2=" ">
    <subfield code="0">0</subfield>
    <subfield code="1">0</subfield>
    <subfield code="2">ddc</subfield>
    <subfield code="4">0</subfield>
    <subfield code="7">0</subfield>
    <subfield code="8">CAA</subfield>
    <subfield code="a">AL</subfield>
    <subfield code="b">AL</subfield>
    <subfield code="d">2021-11-11</subfield>
    <subfield code="e">Biblios Book Point</subfield>
    <subfield code="g">615.20</subfield>
    <subfield code="l">0</subfield>
    <subfield code="o">510.2855369 HANM</subfield>
    <subfield code="p">075085</subfield>
    <subfield code="r">2021-11-11 00:00:00</subfield>
    <subfield code="v">769.00</subfield>
    <subfield code="w">2021-11-11</subfield>
    <subfield code="y">BK</subfield>
  </datafield>
</record>
